Kalinga Mahan Varalaru (Record no. 4286)
[ view plain ]
| 000 -LEADER | |
|---|---|
| fixed length control field | 00430nam a2200145Ia 4500 |
| 005 - DATE AND TIME OF LATEST TRANSACTION | |
| control field | 20250310055240.0 |
| 008 - FIXED-LENGTH DATA ELEMENTS--GENERAL INFORMATION | |
| fixed length control field | 240331s9999 xx 000 0 und d |
| 082 ## - DDC Classification | |
| Item Number - Author Mark | THA |
| DDC Edition Number | 2211 |
| Class No. | 954.93 |
| 100 ## - MAIN ENTRY--PERSONAL NAME | |
| Personal name | Thangeswary, k |
| 245 #0 - TITLE STATEMENT | |
| Title | Kalinga Mahan Varalaru |
| 260 ## - PUBLICATION, DISTRIBUTION, ETC. | |
| Place of publication, distribution, etc. | Arayampathi, |
| Name of publisher, distributor, etc. | Anpu Veliyeedu |
| Date of publication, distribution, etc. | 1995 |
| 300 ## - PHYSICAL DESCRIPTION | |
| Extent (e.g. Volumes, Pages etc.) | xxii, 224 p., |
| 500 ## - GENERAL NOTE | |
| General note | Historical research on Kalinga Mahan, a ruled Sri Lanka in the 13th Century |
| 942 ## - Koha item type (Biblio) | |
| Koha item type | Books in Stacks (Lending) |
| Lost status | Damaged status | Collection code | Home library | Current library | Shelving location | Date acquired | Full call number | Accession Number | Item type |
|---|---|---|---|---|---|---|---|---|---|
| Lending | WERC Library | WERC Library | Social Science Cupboard | 03/31/2024 | 954.93 THA | 2211 | Books in Stacks (Lending) |
